Music Quiz

Random Music or Lyrics Quiz

'Please take me home' Lyrics by blink-182 Quiz Stats

 Plays Quiz not verified by Sporcle

Challenge
Share
Tweet
Embed
Score 0/158 Timer 10:00
0 Plays Today
Lyrics % Correct
I
98.3%
I
98.3%
I
98.3%
x2
98.3%
I
98.3%
x2
98.3%
You
96.7%
me
96.7%
me
96.7%
me
96.7%
me
96.7%
it
95%
Please
95%
take
95%
home.
95%
it
95%
Please
95%
take
95%
home.
95%
Please
95%
take
95%
home.
95%
it's
93.3%
to
93.3%
it's
93.3%
the
93.3%
the
93.3%
it's
93.3%
the
93.3%
to
93.3%
It's
93.3%
to
93.3%
It's
93.3%
it's
93.3%
the
93.3%
go.
91.7%
go
91.7%
go!
91.7%
Too
90%
gone.
90%
Too
90%
gone.
90%
too
90%
Too
90%
gone.
90%
my
88.3%
so.
88.3%
so
88.3%
late,
88.3%
is
88.3%
my
88.3%
so
88.3%
late,
88.3%
Lyrics % Correct
is
88.3%
my
88.3%
so
88.3%
late,
88.3%
is
88.3%
for
85%
this
85%
time
85%
we
85%
ever
85%
had.
85%
Be
85%
this
85%
this
85%
time
85%
we
85%
ever
85%
had.
85%
we
85%
Be
85%
Be
85%
this
85%
this
85%
time
85%
we
85%
ever
85%
had.
85%
no,
83.3%
best
83.3%
best
83.3%
best
83.3%
She's
81.7%
she's
81.7%
she's
81.7%
friend.
81.7%
She's
81.7%
you're
81.7%
She's
81.7%
you're
81.7%
you're
81.7%
cool,
80%
hot,
80%
I'm
80%
I'm
80%
Oh
78.3%
again!
78.3%
sad,
78.3%
when
78.3%
breaks
78.3%
heart.
78.3%
sad,
78.3%
when
78.3%
when
78.3%
Lyrics % Correct
breaks
78.3%
heart.
78.3%
sad,
78.3%
happened
76.7%
hours,
76.7%
bet
76.7%
things
76.7%
fall
76.7%
apart.
76.7%
bet
76.7%
things
76.7%
fall
76.7%
apart.
76.7%
things
76.7%
fall
76.7%
apart.
76.7%
bet
76.7%
strong
75%
Honest,
75%
strong
75%
strong
75%
Honest,
75%
leave
73.3%
unstoppable,
73.3%
unstoppable,
73.3%
have
73.3%
nowhere
71.7%
jaded,
70%
jaded,
70%
unpredictable.
68.3%
calculated,
68.3%
unpredictable.
68.3%
calculated,
68.3%
Why
68.3%
did
68.3%
easy
68.3%
complicate.
68.3%
wrong.
65%
in,
65%
wrong.
65%
Let's
65%
forget
63.3%
past.
63.3%
hard...
63.3%
that
61.7%
date?
61.7%
Give
60%
hope,
56.7%
hope
56.7%
lasts.
56.7%
I'd
55%
drive
33.3%

You're not logged in!

Compare scores with friends on all Sporcle quizzes.
Join for Free
OR
Log In

You Might Also Like...

Show Comments

Extras

Top Quizzes Today


Score Distribution

Your Account Isn't Verified!

In order to create a playlist on Sporcle, you need to verify the email address you used during registration. Go to your Sporcle Settings to finish the process.

Report this User

Report this user for behavior that violates our Community Guidelines.

Details: